000 00705nam a2200253Ia 4500
003 OSt
005 20221007102545.0
006 a|||||r|||| 00| 0
007 ta
008 221006b |||||||| |||| 00| 0 eng d
020 _a8185353158
024 _a10,663
037 _cTextual
040 _aLCO
_cLCO
_beng
041 _2eng
_aeng
082 _aZ1,7,16, N0
100 _aSammartano Mauro Rubino
_9695061
245 0 _aInternational Arbitration Law
260 _aNew
_bDelhi Aditya Books Private Limited India
_c1990
300 _a537
650 _aINTERNATIONAL ARBITRATION LAW
_9704685
942 _hZ1,7,16, N0
_cTEXL
999 _c1180226
_d1180226